Aluminum in iron and steel
Сохранить в:
| Главный автор: | |
|---|---|
| Формат: | |
| Язык: | Undetermined |
| Опубликовано: |
New York
John Wiley & Sons,Inc
1953
|
| Предметы: | |
| Метки: |
Добавить метку
Нет меток, Требуется 1-ая метка записи!
|
| Thư viện lưu trữ: | Trung tâm Học liệu Trường Đại học Cần Thơ |
|---|
| LEADER | 00488nam a2200181Ia 4500 | ||
|---|---|---|---|
| 001 | CTU_81447 | ||
| 008 | 210402s9999 xx 000 0 und d | ||
| 082 | |a 672 | ||
| 082 | |b C337 | ||
| 100 | |a Case, Samuel L. | ||
| 245 | 0 | |a Aluminum in iron and steel | |
| 245 | 0 | |c Samuel L. Case | |
| 260 | |a New York | ||
| 260 | |b John Wiley & Sons,Inc | ||
| 260 | |c 1953 | ||
| 650 | |a Aluminum alloys,Iron,Steel | ||
| 904 | |i Trọng Hải | ||
| 980 | |a Trung tâm Học liệu Trường Đại học Cần Thơ | ||